MARC details
| 000 -LEADER |
| fixed length control field |
01648nam a2200265 a 4500 |
| 001 - CONTROL NUMBER |
| control field |
MEB027984 MEB027985 MEB027993 |
| 003 - CONTROL NUMBER IDENTIFIER |
| control field |
PILC |
| 005 - DATE AND TIME OF LATEST TRANSACTION |
| control field |
20150805094728.0 |
| 008 - FIXED-LENGTH DATA ELEMENTS--GENERAL INFORMATION |
| fixed length control field |
|
| 020 ## - INTERNATIONAL STANDARD BOOK NUMBER |
| International Standard Book Number |
9789812729996 |
| 050 ## - LIBRARY OF CONGRESS CALL NUMBER |
| Classification number |
RT 98 |
| Item number |
.F211 2013 |
| 100 ## - MAIN ENTRY--PERSONAL NAME |
| Personal name |
Famorca, Zenaida U. |
| 245 #0 - TITLE STATEMENT |
| Title |
Nursing care of the community / |
| Statement of responsibility, etc |
Zenaida U. Famorca, Mary A. Nies, Melanie McEwen. |
| 260 ## - PUBLICATION, DISTRIBUTION, ETC. (IMPRINT) |
| Place of publication, distribution, etc |
Singapore : |
| Name of publisher, distributor, etc |
Elsevier (Singapore) Pte Ltd., |
| Date of publication, distribution, etc |
2013. |
| 300 ## - PHYSICAL DESCRIPTION |
| Extent |
xvi, 444 pages : |
| Other physical details |
illustrations ; |
| Dimensions |
25 cm. |
| 500 ## - GENERAL NOTE |
| General note |
Includes index. |
| 505 ## - FORMATTED CONTENTS NOTE |
| Formatted contents note |
Ch. 1: |
| Title |
Fundamental concepts of community health nursing -- Ch. 2: |
| -- |
Theoretical foundations of community health nursing practice -- Ch. 3: |
| -- |
Primary health care -- Ch. 4: |
| -- |
Community organizing: ensuring health in the hands of the people -- Ch. 5: |
| -- |
Health promotion, risk reduction, and capacity-building strategies -- Ch. 6: |
| -- |
Family health nursing -- Ch. 7: The |
| -- |
nursing process in the care of the community -- Ch. 8: |
| -- |
Applications of epidemiology in community health -- Ch. 9: The |
| -- |
health care delivery system -- Ch. 10: |
| -- |
Maternal, newborn, and child health and nutrition -- Ch. 11: |
| -- |
Control of noncommunicable diseases -- Ch. 12: |
| -- |
Control of communicable diseases -- Ch. 13: |
| -- |
Environmental health -- Ch. 14: |
| -- |
Disaster management -- Ch. 15: |
| -- |
eHealth in the community setting -- Ch. 16: |
| -- |
School health -- Ch. 17: |
| -- |
Occupational safety and health. |
| 521 ## - TARGET AUDIENCE NOTE |
| Target audience note |
Nursing |
| 650 ## - SUBJECT ADDED ENTRY--TOPICAL TERM |
| Topical term or geographic name as entry element |
Public health. |
| 650 ## - SUBJECT ADDED ENTRY--TOPICAL TERM |
| Topical term or geographic name as entry element |
Community health services. |
| 650 ## - SUBJECT ADDED ENTRY--TOPICAL TERM |
| Topical term or geographic name as entry element |
Community health nursing. |
| 700 ## - ADDED ENTRY--PERSONAL NAME |
| Personal name |
McEwen, Melanie. |
| 700 ## - ADDED ENTRY--PERSONAL NAME |
| Personal name |
Nies, Mary A. |
| 942 ## - ADDED ENTRY ELEMENTS (KOHA) |
| Source of classification or shelving scheme |
Library of Congress Classification |
| Koha item type |
Books |
| Call number prefix |
Foreign |